| 000 | 00513nam a2200169 i 4500 | ||
|---|---|---|---|
| 001 | 37831 | ||
| 003 | ES-MaACL | ||
| 005 | 20230906155642.0 | ||
| 007 | t| | ||
| 008 | 030224s1967 sp ||||1| spa d | ||
| 100 | 1 |
_aCaffarel, Henri. _933413 |
|
| 245 | 1 | 3 |
_aEl matrimonio, camino hacia Dios / _cHenri Caffarel ; [traducción por Santos Beguiristain]. |
| 260 |
_aMadrid : _bEuroamérica, _c[1967] |
||
| 300 |
_a149 p. ; _c19 cm. |
||
| 700 | 1 |
_aBeguiristain, Santos. _927042 |
|
| 852 |
_aES-MaACL _jC-32655 _bR.63308 |
||
| 999 |
_c37831 _d37831 |
||